|
|
|
|
| LEADER |
00633 a2200205 4500 |
| 005 |
20151026133322.0 |
| 008 |
140618b xxu||||| |||| 00| 0 eng d |
| 020 |
|
|
|a 9789325956766
|
| 080 |
|
|
|a 658:8(540)
|b NEE
|
| 100 |
|
|
|a Neelamegham , S
|
| 245 |
|
|
|a Marketing in India
|b text and cases
|
| 250 |
|
|
|a 4th ed.
|
| 260 |
|
|
|c 2013
|b Vikas
|a New Delhi
|
| 300 |
|
|
|a xvii, 706p.
|
| 653 |
|
|
|a Marketing - India
|
| 653 |
|
|
|a Product strategy
|
| 653 |
|
|
|a Pricing strategy
|
| 942 |
|
|
|c BK
|6 _
|
| 999 |
|
|
|c 68149
|d 68149
|
| 952 |
|
|
|0 0
|1 0
|2 udc
|4 0
|6 6588540_NEE
|7 0
|9 80235
|a UL
|b UL
|d 2014-01-29
|g 0.00
|o 658:8(540) NEE
|p 00070759
|r 2014-02-15
|v 0.00
|w 2014-01-29
|y BK
|